000 00858cam a2200217 4500
001 WS120433
008 021112n 000 0 eng u
035 _a(Sirsi) u120433
110 _aIndian Institute of Arbitration & Mediation
245 _aIndian Institute of Arbitration & Mediation
520 _aWeb site for this organisation whcih provides alternative dispute resolution services including pages on ADR, mediation and arbitration. Also includes details of their agreements and forms.
650 _aINDIA
650 _aINTERNATIONAL
650 _aMEDIATION
650 _aCONCILIATION
650 _aALTERNATIVE DISPUTE RESOLUTION
650 _aALTERNATIVE DISPUTE RESOLUTION
690 _aDispute resolution
_96236
856 4 0 _uhttps://www.arbitrationindia.com
_zView the website free of charge at www.arbitrationindia.com...
942 _n0
999 _c120213
_d120213